| 000 | 01023cam a22003013a 4500 | ||
|---|---|---|---|
| 001 | 1006 | ||
| 005 | 20230815142304.0 | ||
| 008 | 040421t20041975nyu j 000 j eng d | ||
| 020 | _a043964383X (pbk.) | ||
| 020 | _a9780590447874 | ||
| 040 |
_aCQF _cCQF _dOCLCQ _dDLC _beng |
||
| 050 | 0 | 0 | _aPZ7.S68524 |
| 082 | _a808.83 | ||
| 100 | 1 |
_aSobol, Donald J., _d1924-2012. |
|
| 245 | 1 | 0 |
_aTwo-minute mysteries collection / _cDonald J. Sobol. |
| 246 | 3 | _a2 minute mysteries collection | |
| 260 |
_aNew York : _bScholastic, _c2004, 1967. |
||
| 300 |
_a158 pages : _c20 cm |
||
| 500 | _aCompilation of three previously published books. | ||
| 505 | 0 | _aU | |
| 520 | _aFor use in schools and libraries only. A collection of 158 mini-mysteries in which readers play Dr. Watson to master-detective Dr. Haledjian. | ||
| 521 |
_a820
_bLexile |
||
| 521 |
_aU
_bRaz-Plus |
||
| 650 | 0 | _aShort stories. | |
| 655 | 7 |
_aMystery fiction. _2gsafd |
|
| 906 |
_a7 _bcbc _ccopycat _d2 _encip _f20 _gy-genrareb |
||
| 942 |
_2ddc _cBK _n0 |
||
| 999 |
_c1006 _d1006 |
||